Länder mit den höchsten CO2 Emissionen - Statistiken

Allgemein
  • Dieses Quiz wurde 79 mal gespielt
  • Das Durchschnittsergebnis liegt bei 17 aus 20
Antwortstatistiken
Rang Co2 in Mio. Tonnen Land % Korrekt
1 11.670 China
100%
6 847,6 Deutschland
100%
4 1.847 Russland
99%
2 5.242 Vereinigte Staaten
99%
14 454,1 Mexiko
94%
13 513,8 Brasilien
93%
3 2.383 Indien
93%
5 1.268 Japan
93%
20 351,0 Italien
90%
9 640,6 Kanada
90%
15 439,1 Australien
87%
12 540,7 Indonesien
80%
8 657,1 Saudi Arabien
77%
7 778,4 Südkorea
77%
16 424,0 Vereinigtes Königreich
77%
18 359,0 Polen
71%
17 379,5 Türkei
71%
10 638,3 Iran
70%
11 572,3 Südafrika
69%
19 355,0 Thailand
60%
Keine übereinstimmenden Quizze gefunden
Verteilung der Resultate
Anzahl Personen mit jedem Resultat
Perzentil nach korrekt beantworteten Fragen
Ihre Resultats-Entwicklung
Sie haben dieses Quiz noch nicht gespielt